Statistiques concernant ANIMAUX COMMENCANT PAR LA LETTRE E

Cliquez ici pour prendre le quiz!

Statistiques générales

  • Ce quiz a été pris 600 fois
  • Le résultat moyen est 5 sur 15

Statistiques - réponses

CLASSEMENT REPONSES % Correct
8ELEPHANT
93%
7ELAN
58%
3ECUREUIL
58%
12ESCARGOT
44%
11EPERVIER
39%
4ECREVISSE
38%
9EMEU
38%
13ESPADON
34%
15ETOURNEAU
22%
10EPAULARD
15%
14ESTURGON
14%
2ECHASSE
11%
6EDER
8%
5EFFRAIE
7%
1ECAILLE
6%

Distribution des résultats

Percentile par nombre de réponses

% des personnes avec chaque résultat

Votre développement - résultats

Vous n’avez pas pris ce quiz